000 00635nam a22002057a 4500
005 20251108172858.0
008 250721s2000 xx 000 0 ara d
082 1 4 _a956.4053/زرو
100 1 _aالزرو، نواف
245 1 0 _aجرائم الإحتلال الصهيوني ضد المدينة المقدسة 1967-2000 /
264 1 _aعمان :
_bالمؤتمر الشعبي للدفاع عن القدس،
_c2000.
300 _a124 ص
650 1 7 _aالجرائم
650 1 7 _aإسرائيل
650 1 7 _aالإحتلال
650 1 7 _aفلسطين
650 1 7 _aالمجازر
942 _2ddc
_cBK
999 _c90769
_d90769